Estatísticas para Logótipos da Marca #5

Clique aqui para jogar o quiz

Estatísticas Gerais

  • Esse quiz foi jogado 291 vezes
  • A pontuação média é 13 de 20

Estatísticas das Respostas

Resposta% Correto
Nike
100%
Yahoo
96%
Android
93%
Domino's
93%
Skype
88%
Carrefour
87%
Michelin
82%
Bradesco
79%
Umbro
77%
New Balance
76%
Natura
74%
Safari
74%
Cacau Show
69%
Rolex
58%
Dunkin' Donuts
57%
iTunes
50%
Under Armour
50%
Mr. Clean
12%
Kraft
11%
CaixaBank
6%

Distribuição das Pontuações

Percentil de Números Respondidos

Porcentagem de Pessoas com Cada Pontuação

Sua Pontuação Histórica

Você não jogou esse quiz